|
|
|
|
| LEADER |
02097nam a22003733i 4500 |
| 001 |
EBC5516492 |
| 003 |
MiAaPQ |
| 005 |
20240729202202.0 |
| 006 |
m o d | |
| 007 |
cr cnu|||||||| |
| 008 |
240729s2018 xx o ||||0 swe d |
| 020 |
|
|
|a 9789176852330
|q (electronic bk.)
|
| 035 |
|
|
|a (MiAaPQ)EBC5516492
|
| 035 |
|
|
|a (Au-PeEL)EBL5516492
|
| 035 |
|
|
|a (OCoLC)1054067379
|
| 040 |
|
|
|a MiAaPQ
|b eng
|e rda
|e pn
|c MiAaPQ
|d MiAaPQ
|
| 100 |
1 |
|
|a Mahrs-Träff, Annsofie.
|
| 245 |
1 |
0 |
|a Fysisk Aktivitet -Att Röra Sig Och Må VäL. Villkor Och Dilemman För äldres Fysiska Aktivitet :
|b En Observations- Och Intervjustudie.
|
| 250 |
|
|
|a 1st ed.
|
| 264 |
|
1 |
|a Linköping :
|b Linkopings Universitet,
|c 2018.
|
| 264 |
|
4 |
|c {copy}2018.
|
| 300 |
|
|
|a 1 online resource (89 pages)
|
| 336 |
|
|
|a text
|b txt
|2 rdacontent
|
| 337 |
|
|
|a computer
|b c
|2 rdamedia
|
| 338 |
|
|
|a online resource
|b cr
|2 rdacarrier
|
| 490 |
1 |
|
|a Linköping Studies in Arts and Sciences Series ;
|v v.749
|
| 505 |
0 |
|
|a Intro -- Abstract -- English abstract -- Översikt av avhandlingens artiklar -- Innehållsförteckning -- Tack -- 1. Introduktion -- 2. Syfte -- 3. Bakgrund -- 4. Teoretiskt perspektiv -- 5. Metod och genomförande -- 6. Resultat -- 7 Diskussion -- English summary -- Referenser -- Bilaga 1 -- Bilaga 2 -- Bilaga 3 -- Bilaga 4 -- Bilaga 5 -- Bilaga 6 -- Bilaga 7 -- Bilaga 8 -- Bilaga 9.
|
| 588 |
|
|
|a Description based on publisher supplied metadata and other sources.
|
| 590 |
|
|
|a Electronic reproduction. Ann Arbor, Michigan : ProQuest Ebook Central, 2024. Available via World Wide Web. Access may be limited to ProQuest Ebook Central affiliated libraries.
|
| 655 |
|
4 |
|a Electronic books.
|
| 776 |
0 |
8 |
|i Print version:
|a Mahrs-Träff, Annsofie
|t Fysisk Aktivitet -Att Röra Sig Och Må VäL. Villkor Och Dilemman För äldres Fysiska Aktivitet
|d Linköping : Linkopings Universitet,c2018
|
| 797 |
2 |
|
|a ProQuest (Firm)
|
| 830 |
|
0 |
|a Linköping Studies in Arts and Sciences Series
|
| 856 |
4 |
0 |
|u https://ebookcentral.proquest.com/lib/matrademy/detail.action?docID=5516492
|z Click to View
|